000 00998cam a2200301 i 4500
001 18360399
003 EG-ScBUE
005 20240609122259.0
008 141105s2014 enka f bd 001 0 eng d
020 _a9781780768229 (pbk.)
020 _a1780768222 (pbk.)
040 _aUKMGB
_beng
_erda
_cUKMGB
_dOCLCO
_dEYM
_dLTSCA
_dOI@
_dDLC
_dEG-ScBUE
043 _af-za---
082 0 4 _a968.9404
_222
_bSAR
100 1 _aSardanis, Andrew,
_eauthor.
_939888
245 1 0 _aZambia, the first 50 years :
_breflections of an eyewitness /
_cAndrew Sardanis.
264 1 _aLondon ;
_aNew York :
_bI. B. Tauris,
_c2014.
300 _aix, 370 pages :
_billustrations ;
_c24 cm
336 _2rdacontent
_atext
_btxt
337 _aunmediated
_2rdamedia
_bn
338 _avolume
_bnc
_2rdacarrier
500 _aIncludes glossary.
504 _aIncludes bibliographical references and index.
651 7 _aZambia
_xHistory
_y1964-
_2BUEsh
653 _bBUSBOL
_cApril2016
655 _vReading book
942 _2ddc
_cBB
999 _c21674
_d21646